| 000 | 00000nam##2200000za#4500 |
| 001 | 9.536534 |
| 003 | CaOODSP |
| 005 | 20210305151643 |
| 007 | ta |
| 008 | 150406|2002||||xxc||||| f|0| 0 eng|d |
| 040 | |aCaOODSP|beng |
| 041 | |aeng |
| 041 | |afre |
| 043 | |an-cn--- |
| 086 | 1 |aXB371-437/1 |
| 110 | 1 |aCanada. |bParliament. |bHouse of Commons. |
| 245 | 10|aChild Predator Act : |b(An Act to provide that persons who commit a sexual offence involving a child serve the entire sentence imposed without early release or parole and be found to be child predators, and to amend the Corrections and Conditional Release Act and the Criminal Code.) / |c(Mr. Pankiw.) |
| 260 | |aOttawa - Ontario : |bHouse of Commons |cFirst reading, March 20, 2002. |
| 300 | |a5p. |
| 490 | 1 |aBills of the House of Commons|vC-437 |
| 546 | |aBilingual |
| 590 | |a02-13|b2002-03-28 |
| 690 | 07|aParole|2gcpds |
| 690 | 07|aViolence against children|2gcpds |
| 690 | 07|aSexual offenses|2gcpds |
| 690 | 07|aLegislation|2gcpds |
| 690 | 07|aCriminal code|2gcpds |
| 792 | |tLoi sur les prédateurs d'enfants : |efre|w(CaOODSP)9.536535 |
| 830 | #0|aBills of the House of Commons ;|vC-437|w(CaOODSP)9.509702 |